000 01061nam a22003017a 4500
001 5172
003 FISKH
005 20241108124503.0
008 241108b cb ||||| |||| 00| 0 eng d
020 _a9780590450522
040 _aFISKH
_beng
_cFISKH
_dFISKH
050 _aF610.P38
082 _a796.5092
100 _aPausen, Gary
245 _aWoodsong /
_cby Gary Paulsen
250 _aFirst Scholastic printing, September 1991
260 _aNew York :
_bScholastic ;
_c1990.
300 _a132 pages :
_billustrations, map ;
_c20 cm .
505 _aZ
520 _aFor a rugged outdoor man and his family, life in northern Minnesota is a wild experience involving wolves, deer, and the sled dogs that make their way of life possible. Includes an account of the author's first Iditarod, a dogsled race across Alaska.
521 8 _a1030
_bLexile
521 8 _aZ
_bRaz-Plus
650 _awilderness
_vnon-fiction
650 _adogs
_vfiction
700 _aPaulsen, Ruth Wright
_eillustrator
942 _2ddc
_cBK
_n0
999 _c5172
_d5172